000 00692 a2200229 4500
999 _c6966
_d6966
020 _a9788120346482
050 _aHB135 HOY 2011
100 _aHoy, Michael
_eauthor
245 _aMathematics for economics /
_cMichael Hoy & others .....
250 _a3rd ted.
264 _aDelhi :
_bPHI Learning,
_c2011.
300 _a959p. :
_bill.
500 _aIncludes index
650 _aEconomics, Mathematical.
650 _aMathematics-- General.
650 _aBusiness & Economics -- Econometrics.
700 _aLivernois, John
_eauthor
700 _aMcKenna, Chris
_eauthor
700 _aRees, Ray
_eauthor
700 _aStengos, Thanasis
_eauthor
942 _2lcc
_cBK
_e3rd ed.
_h135
_iHOY
_kHB